Quiet crisis in India: economic developmnet and American policy (Record no. 372284)

000 -LEADER
fixed length control field 00473cam a22001457a 4500
008 - FIXED-LENGTH DATA ELEMENTS--GENERAL INFORMATION
fixed length control field 180718b1962 xxu||||| |||| 00| 0 eng d
082 ## - DEWEY DECIMAL CLASSIFICATION NUMBER
Classification number T000x54 L587
100 ## - MAIN ENTRY--PERSONAL NAME
Personal name Lewis, John P.
245 ## - TITLE STATEMENT
Title Quiet crisis in India: economic developmnet and American policy
Statement of responsibility, etc. by John P. Lewis
260 ## - PUBLICATION, DISTRIBUTION, ETC.
Place of publication, distribution, etc. Washington, D.C.
Name of publisher, distributor, etc. Brookings
Date of publication, distribution, etc. 1962
300 ## - PHYSICAL DESCRIPTION
Extent 350p.
650 ## - SUBJECT ADDED ENTRY--TOPICAL TERM
Topical term or geographic name entry element Economic Assistance in India
650 ## - SUBJECT ADDED ENTRY--TOPICAL TERM
Topical term or geographic name entry element Economic Assistance - American
650 ## - SUBJECT ADDED ENTRY--TOPICAL TERM
Topical term or geographic name entry element Economic Planning - India
Holdings
Withdrawn status Lost status Damaged status Not for loan Permanent Location Current Location Date acquired Full call number Barcode Date last seen Price effective from Koha item type
        Indian Institute of Public Administration Indian Institute of Public Administration 1994-06-15 T000x54 L587 32659 2018-07-21 2018-07-21 Book

Powered by Koha